Exam essentials practice tests Cambridge english advanced -CAE-: with key
Đã lưu trong:
| Những tác giả chính: | , |
|---|---|
| Định dạng: | Sách |
| Ngôn ngữ: | Tiếng Anh |
| Được phát hành: |
Hampshire
National Geographic Learning
2015
Hampshire Cengage Learning 2015 |
| Phiên bản: | 1a. ed |
| Loạt: | Quickstart
|
| Những chủ đề: | |
| Các nhãn: |
Thêm thẻ
Không có thẻ, Là người đầu tiên thẻ bản ghi này!
|
MARC
| LEADER | 00000cam a2200000 a 4500 | ||
|---|---|---|---|
| 001 | UCD3556 | ||
| 003 | CL-VaPUC | ||
| 008 | 160609e20150000uk |||||||||||||||||eng|d | ||
| 020 | |a 9781285745077 | ||
| 082 | 0 | 4 | |a 428 |b BRA |2 21 |
| 100 | 0 | |a Bradbury, Tom |e author |9 587062 | |
| 700 | 0 | |a Yeates, Eunice |e author |9 587063 | |
| 245 | 1 | 0 | |a Exam essentials practice tests Cambridge english advanced -CAE-: with key |
| 250 | |a 1a. ed | ||
| 300 | |a v | ||
| 942 | |c BK | ||
| 945 | |d 20160609 22:21:00 |a arojas | ||
| 260 | |a Hampshire |b National Geographic Learning |c 2015 | ||
| 260 | |a Hampshire |b Cengage Learning |c 2015 | ||
| 500 | |a v.1: Completely updated for the 2015 exam specifications | ||
| 500 | |a v.2: Brand new tests for the 2015 exam specifications | ||
| 500 | |a DVD-ROM includes video of complete speaking interview and tips | ||
| 650 | 0 | |a Lengua inglesa |9 318842 | |
| 650 | 0 | |a Exámenes |9 340201 | |
| 650 | 0 | |a Libros de texto |9 270019 | |
| 650 | 0 | |a Enseñanza del inglés |9 367340 | |
| 583 | |a last modification |c 20160609 22:21:00 |k Rodrigo Vera | ||
| 490 | 0 | |a Quickstart | |
| 999 | |c 364592 |d 364590 | ||
| 952 | |0 0 |1 0 |3 erb |4 0 |6 428_000000000000000_BRA_2015_2015 |7 0 |8 R |9 478125 |a BIBEDU |b BIBEDU |c MCIRC |h v.1 |i 5291593 |o 428 BRA 2015 2015 |p 5291593 |r 2023-01-13 |w 2019-11-24 |y BK_R |z Catalogado en:20160609 |k LIT | ||
| 952 | |0 0 |1 0 |3 erb |4 0 |6 428_000000000000000_BRA_2015_2015 |7 0 |8 R |9 478126 |a BIBEDU |b BIBEDU |c MCIRC |h v.2 |i 5291496 |l 5 |m 2 |o 428 BRA 2015 2015 |p 5291496 |r 2024-06-18 |s 2024-06-12 |w 2019-11-24 |y BK_R |z Catalogado en:20160609 |k LIT | ||